Skills shortages in the UK construction industry (Record no. 108164)
[ view plain ]
| 000 -LEADER | |
|---|---|
| fixed length control field | 01284cad a22002295a 4500 |
| 001 - CONTROL NUMBER | |
| control field | L143469 |
| 008 - FIXED-LENGTH DATA ELEMENTS--GENERAL INFORMATION | |
| fixed length control field | 080514s2008 xxk f 000 0 eng d |
| 035 ## - SYSTEM CONTROL NUMBER | |
| System control number | (Sirsi) u143469 |
| 041 0# - LANGUAGE CODE | |
| Language code of text/sound track or separate title | eng |
| 050 04 - LIBRARY OF CONGRESS CALL NUMBER | |
| Classification number | 338.4569 $2 18 |
| 110 2# - MAIN ENTRY--CORPORATE NAME | |
| Corporate name or jurisdiction name as entry element | Chartered Institute of Building |
| 9 (RLIN) | 2134 |
| 245 00 - TITLE STATEMENT | |
| Title | Skills shortages in the UK construction industry |
| Remainder of title | 2008 |
| Medium | [electronic resource] |
| 260 ## - PUBLICATION, DISTRIBUTION, ETC. | |
| Place of publication, distribution, etc. | Ascot |
| Name of publisher, distributor, etc. | CIOB $2 008 |
| 520 ## - SUMMARY, ETC. | |
| Summary, etc. | Reveals a continuing skills shortage in the UK construction industry, which is likely to become more pronounced as the demand for construction increases. The London Olympics, high housing targets and the Building Schools for the Future programme are expected to boost construction output to around 11% by 2011. The survey shows that workers with crafts/trades and senior/middle management skills are in high demand. Whilst migrant workers continue to fill labouring positions, they are often overlooked for management roles due to poor English language. |
| 521 2# - TARGET AUDIENCE NOTE | |
| Target audience note | Advanced |
| 590 ## - LOCAL NOTE (RLIN) | |
| Local note | KA NTK |
| 650 24 - SUBJECT ADDED ENTRY--TOPICAL TERM | |
| Topical term or geographic name entry element | CIOB ANNUAL SKILLS SHORTAGE SURVEY |
| 651 #4 - SUBJECT ADDED ENTRY--GEOGRAPHIC NAME | |
| Geographic name | United Kingdom |
| Chronological subdivision | |
| 690 ## - LOCAL SUBJECT ADDED ENTRY--TOPICAL TERM (OCLC, RLIN) | |
| Topical term or geographic name as entry element | BUILT ENVIRONMENT-CONSTRUCTION MARKET |
| 856 40 - ELECTRONIC LOCATION AND ACCESS | |
| Uniform Resource Identifier | <a href="https://www.ciob.org.uk/resources/research">https://www.ciob.org.uk/resources/research</a> |
| Public note | View the survey free of charge at www.ciob.org.uk... |
| 942 ## - ADDED ENTRY ELEMENTS (KOHA) | |
| Suppress in OPAC | 0 |
| Withdrawn status | Lost status | Source of classification or shelving scheme | Damaged status | Not for loan | Home library | Current library | Shelving location | Date acquired | Total Checkouts | Full call number | Barcode | Date last seen | Copy number | Price effective from | Koha item type |
|---|---|---|---|---|---|---|---|---|---|---|---|---|---|---|---|
| Dewey Decimal Classification | Virtual | Virtual | Online | 14/05/2008 | ONLINE PUBLICATION | 143469-2001 | 06/08/2019 | 1 | 06/08/2019 | Book |